| 000 | 01919 a2200241 4500 | ||
|---|---|---|---|
| 001 | 31346 | ||
| 005 | 20260407155619.0 | ||
| 008 | 260407a1968 arg spa d | ||
| 003 | AR-UNSa-BCEJYS | ||
| 040 |
_aAR-UNSa-BCEJYS _bspa _cAR-UNSa-BCEJYS |
||
| 080 |
_a658 _xAdministración de empresas. Organización comercial |
||
| 245 | 1 | 0 | _aOrganización y control de empresas |
| 250 | _a2a. ed | ||
| 264 | 1 |
_aBuenos Aires : _bEdiciones Macchi _c1968 |
|
| 300 |
_a714 p. _c23 cm. |
||
| 505 | _aParte I: Organización: 1. Que son las empresas y quiénes son los empresarios argentinos - 2. La organización: sus características (qué son las organizaciones) - 3. ¿Cómo se dirigen las organizaciones? - 4. La organización formal, la estructura de la empresa y los organigramas - 5. Los manuales - Parte II: Planeamiento y control patrimonial, económico y financiero de la empresa: 1. El planeamiento patrimonial, económico y financiero a largo plazo - 2. El planeamiento patrimonial, económico y financiero a corto plazo - 3. Control superior - 4. Evaluación periódica de la empresa - Parte III: El control operativo: 1. El concepto de auditoría operativa - 2. Aspectos y sectores de la empresa sujetos a revisión - 3. Forma de actuar del auditor - 4. Aplicación en el tiempo de la auditoría operativa - 5. Un programa de auditoría integrado - 6. El equipo de auditores - 7. Cuestionarios para los aspectos a investigar - 8. Análisis integral de la empresa realizado por el American Institute of Management - Parte IV: El control de sistemas: 1. Aspectos generales - 2. Circuitos relacionados con las operaciones de ingreso y egreso de valores - 3. Circuitos relacionados con las operaciones de compra | ||
| 942 | _cBK | ||
| 590 | _aniveau_biblio:m niveau_hierar:0 | ||
| 100 | 1 | _aPerel, Vicente L. | |
| 700 | 1 | _aKrasuk, Jorge L. | |
| 700 | 1 | _aLópez Cascante, Jesús D. | |
| 700 | 1 | _aMagdalena, Fernando | |
| 999 |
_c2171 _d2171 |
||